Luật kinh doanh những vấn đề cốt yếu
Wedi'i Gadw mewn:
| Awdur Corfforaethol: | |
|---|---|
| Awduron Eraill: | |
| Iaith: | Undetermined |
| Cyhoeddwyd: |
Hà Nội
Khoa học và Kỹ thuật
2008
|
| Pynciau: | |
| Tagiau: |
Ychwanegu Tag
Dim Tagiau, Byddwch y cyntaf i dagio'r cofnod hwn!
|
| Thư viện lưu trữ: | Trung tâm Học liệu Trường Đại học Trà Vinh |
|---|
| LEADER | 00643nam a2200217Ia 4500 | ||
|---|---|---|---|
| 001 | TVU_2014 | ||
| 008 | 210423s9999 xx 000 0 und d | ||
| 041 | |a Vie | ||
| 082 | |a 346.59707 | ||
| 082 | |b Th502 | ||
| 245 | 0 | |a Luật kinh doanh những vấn đề cốt yếu | |
| 245 | 0 | |c Phan Thị Ngọc Thuận | |
| 260 | |a Hà Nội | ||
| 260 | |b Khoa học và Kỹ thuật | ||
| 260 | |c 2008 | ||
| 300 | |a 123 tr. | ||
| 300 | |c 21 cm | ||
| 650 | |a Luật công ty; Luật doanh nghiệp | ||
| 700 | |a Phan Thị Ngọc Thuận | ||
| 710 | |a Trường Đại học Bách khoa Hà Nội | ||
| 980 | |a Trung tâm Học liệu Trường Đại học Trà Vinh | ||